| 000 | 00991nam a22002775a 4500 | ||
|---|---|---|---|
| 003 | OSt | ||
| 005 | 20170123140344.0 | ||
| 008 | 170123s1993 ua frb 000 0 ara d | ||
| 015 | _a1993 / 3187 | ||
| 020 | _a9770459588 | ||
| 040 |
_aEG-ScBUE _bara _cEG-ScBUE |
||
| 043 | _af-ua--- | ||
| 082 | 0 | 4 |
_a342.6206 _bب د و _222 |
| 100 | 1 | _aبدوي، إسماعيل. | |
| 245 | 1 | 2 |
_aالقضاء الإداري : _bدراسة مقارنة / _cإسماعيل البدوي. |
| 250 | _aط. 1. | ||
| 260 |
_aالقاهرة : _bدار النهضة العربية، _c1993. |
||
| 300 |
_aمج. 2 ؛ _c24 سم. |
||
| 504 | _aيشتمل على إرجاعات ببليوجرافية. | ||
| 505 | 2 | _aمج. 2. أسس تنظيم الرقابة القضائية على أعمال الإدارة. | |
| 650 | 7 |
_aالقضاء الإداري _zمصر. _2BUEsh _941077 |
|
| 650 | 7 |
_aالقانون الإداري _zمصر. _2BUEsh _940573 |
|
| 651 | _2BUEsh | ||
| 653 |
_bLLAAWW _cJanuary2017 |
||
| 942 | _2ddc | ||
| 999 |
_c24007 _d23979 |
||